Famous Foreign-language Films #2 - Statistics

General Stats
  • This quiz has been taken 30 times
  • The average score is 5 of 25
Answer Stats
% Correct
Nosferatu silent (German) 1922
71%
City of God Portuguese 2002
57%
Oldboy Korean 2003
50%
Stalker Russian 1979
43%
Solaris Russian 1972
39%
Grave of the Fireflies Japanese 1988
36%
Kiki's Delivery Service Japanese 1989
29%
La Strada Italian 1954
21%
Ponyo Japanese 2008
21%
Good Bye Lenin! German 2003
18%
Nausicaä of the Valley of the Wind Japanese 1984
18%
Run Lola Run German 1998
18%
Porco Rosso Japanese 1992
14%
Roma Spanish 2018
14%
Train to Busan Korean 2016
14%
Amarcord Italian 1973
11%
Castle in the Sky Japanese 1986
11%
Volver Spanish 2006
11%
Cinema Paradiso Italian 1998
7%
Ivan's Childhood Russian 1962
7%
Taare Zameen Par Hindi 2007
7%
All About My Mother Spanish 1999
4%
Dersu Uzala Russian 1975
4%
Kabhi Khushi Kabhie Gham... Hindi 2001
4%
Moscow Does Not Believe in Tears Russian 1979
4%
No matching quizzes found
Score Distribution
Percent of People with Each Score
Percentile by Number Answered
Your Score History
You have not taken this quiz